000 00714nam a22002057a 4500
005 20251108164235.0
008 250721s1975 xx 000 0 ara d
082 1 4 _a791.430962/هاش
100 1 _aالنحاس، هاشم
245 1 0 _aنجيب محفوظ على الشاشه :
_bالمشكله الجماليه للإعداد السينمائي من الروايه إلى الفيلم /
264 1 _aالقاهره :
_bالهيئه المصريه العامه للكتاب،
_c1975.
300 _a223ص : مص
650 1 7 _aالسينما
650 1 7 _aالأفلام السينمائية
650 1 7 _aالتاريخ
650 1 7 _aالنقد
650 1 7 _aمصر
942 _2ddc
_cBK
999 _c7229
_d7229